000 00367nam a2200157Ia 4500
008 230605s1978 xx 000 0 und d
041 _aeng
100 _aSharma
245 _aBusiness Correspondence and Report Writing
260 _bTata Mc.Grawhill Co.
_c1978
300 _a255p
365 _h10
520 _aGeneral
520 _aHard Board
650 _aM.M.
999 _c419797
_d419797